| 000 | 00550 a2200181 4500 | ||
|---|---|---|---|
| 003 | OSt | ||
| 005 | 20230904115853.0 | ||
| 008 | 230904b |||||||| |||| 00| 0 eng d | ||
| 020 | _a9788120417199 | ||
| 040 | _coclc | ||
| 082 |
_a330.015195 _bMAD/I |
||
| 100 |
_aMadnani, G M K _9875 |
||
| 245 |
_aINTRODUCTION TO ECONOMETRICS _b PRINCIPLES AND APPLICATIONS / _cGMK Madnani |
||
| 250 | _a8th ed. | ||
| 260 |
_aNew Delhi: _bCBS Publishers, _c2022. |
||
| 300 | _a454 p | ||
| 942 |
_2ddc _cBK _h330.015195 _iMAD/I _k330.015195 _mMAD/I |
||
| 999 |
_c42095 _d42095 |
||